000
00217 a2200097 4500
001
38244
100
_a
Hawking
245
_a
A brief history of time
260
_a
London
_b
Int Bestseller
_c
1989
090
_c
24302
_d
24302
942
_a
NUST-CAE
_c
M
_c
15895
999
_c
273317
_d
273317